000
00342nam a2200145Ia 4500
008
221030s9999 xx 000 0 und d
020
_a
0143102850
041
_a
English
100
_a
C. Handy
245
0
_a
Gods of Management
_c
by C. Handy
260
_b
Penguin books
_a
New Delhi
_c
2007
300
_a
268
650
_a
General
942
_c
BK
999
_c
15030
_d
15030